Applied cryptography and network security : (Record no. 23766)
[ view plain ]
| 000 -LEADER | |
|---|---|
| fixed length control field | 01089cam a22002775a 4500 |
| 001 - CONTROL NUMBER | |
| control field | 17300180 |
| 005 - DATE AND TIME OF LATEST TRANSACTION | |
| control field | 20161227121941.0 |
| 008 - FIXED-LENGTH DATA ELEMENTS--GENERAL INFORMATION | |
| fixed length control field | 120516t2012 gw a frb 101 0 eng d |
| 020 ## - INTERNATIONAL STANDARD BOOK NUMBER | |
| International Standard Book Number | 9783642312830 |
| 040 ## - CATALOGING SOURCE | |
| Original cataloging agency | DLC |
| Transcribing agency | DLC |
| Language of cataloging | eng |
| Modifying agency | EG-ScBUE |
| 082 04 - DEWEY DECIMAL CLASSIFICATION NUMBER | |
| Edition number | 22 |
| Classification number | 005.8 |
| Item number | APP |
| 111 2# - MAIN ENTRY--MEETING NAME | |
| Meeting name or jurisdiction name as entry element | ACNS (Conference) |
| Location of meeting | Singapore) |
| Date of meeting | (10th : |
| Number of part/section/meeting | 2012 : |
| 245 10 - TITLE STATEMENT | |
| Title | Applied cryptography and network security : |
| Remainder of title | 10th International Conference, ACNS 2012, Singapore, June 26-29, 2012 : Proceedings / |
| Statement of responsibility, etc | edited by Feng Bao, Pierangela Samarati, Jianying Zhou. |
| 260 ## - PUBLICATION, DISTRIBUTION, ETC. (IMPRINT) | |
| Place of publication, distribution, etc | Heidelberg : |
| Name of publisher, distributor, etc | Springer, |
| Date of publication, distribution, etc | c.2012. |
| 300 ## - PHYSICAL DESCRIPTION | |
| Extent | xiv, 580 p. : |
| Other physical details | ill. ; |
| Dimensions | 24 cm. |
| 490 0# - Series Statement | |
| Series statement | Lecture notes in computer science ; |
| Volume/sequential designation | 7341 |
| 504 ## - BIBLIOGRAPHY, ETC. NOTE | |
| Bibliography, etc | Includes bibliographical refernces and index. |
| 650 #7 - SUBJECT ADDED ENTRY--TOPICAL TERM | |
| Source of heading or term | BUEsh |
| Topical term or geographic name as entry element | Data encryption (Computer science) |
| Form subdivision | Congresses. |
| 650 #7 - SUBJECT ADDED ENTRY--TOPICAL TERM | |
| Topical term or geographic name as entry element | Computer networks |
| General subdivision | Security measures |
| Form subdivision | Congresses. |
| Source of heading or term | BUEsh |
| 651 ## - SUBJECT ADDED ENTRY--GEOGRAPHIC NAME | |
| Source of heading or term | BUEsh |
| 653 ## - INDEX TERM--UNCONTROLLED | |
| Resource For college | Informatics and Computer Science |
| Arrived date list | December2016 |
| 700 ## - ADDED ENTRY--PERSONAL NAME | |
| Personal name | Bao, Feng, |
| Relator term | editor. |
| 700 ## - ADDED ENTRY--PERSONAL NAME | |
| Personal name | Samarati, Pierangela, |
| Relator term | editor. |
| 700 ## - ADDED ENTRY--PERSONAL NAME | |
| Personal name | Zhou, Jianying, |
| Relator term | editor. |
| 942 ## - ADDED ENTRY ELEMENTS (KOHA) | |
| Source of classification or shelving scheme | Dewey Decimal Classification |
| Withdrawn status | Item status | Source of classification or shelving scheme | Damaged status | Not for loan | Vendor | Home library | Current library | Shelving location | Date acquired | Source of acquisition | Cost, normal purchase price | Serial Enumeration / chronology | Total Checkouts | Full call number | Barcode | Date last seen | Cost, replacement price | Koha item type |
|---|---|---|---|---|---|---|---|---|---|---|---|---|---|---|---|---|---|---|
| Dewey Decimal Classification | Scientific home BookShop | Central Library | Central Library | Lower Floor | 27/12/2016 | Purchase | 700.00 | 2691 | 005.8 APP | 000040658 | 15/07/2025 | 875.00 | Book - Borrowing |